AEW All Out 2024 Card - Statistics

General Stats
  • This quiz has been taken 70 times
  • The average score is 26 of 45
Answer Stats
Answer % Correct
Adam Page
98%
Bryan Danielson
98%
Matthew Jackson
98%
Nicholas Jackson
98%
Swerve Strickland
98%
Will Ospreay
98%
Kazuchicka Okada
96%
Mercedes Moné
90%
Pac
90%
Jack Perry
88%
Kris Statlander
88%
Willow Nightingale
88%
MJF
81%
Hikaru Shida
79%
Konosuke Takeshita
79%
Orange Cassidy
79%
Wheeler Yuta
77%
Claudio Castagnoli
75%
Daniel Garcia
75%
Mark Briscoe
73%
Anthony Bowens
58%
Max Caster
58%
Roderick Strong
50%
Dustin Rhodes
48%
Sammy Guevara
46%
Matt Taven
44%
Mike Bennett
44%
Austin Gunn
40%
Colten Gunn
40%
Juice Robinson
40%
Action Andretti
35%
Dante Martin
35%
Darius Martin
35%
The Beast Mortos
31%
Hologram
27%
Shane Taylor
25%
Ariya Daivari
23%
Lee Moriarty
23%
Alex Reynolds
21%
Boulder
21%
Bronson
21%
Evil Uno
21%
John Silver
21%
Josh Woods
21%
Tony Nese
21%
No matching quizzes found
Score Distribution
Percent of People with Each Score
Percentile by Number Answered
Your Score History
You have not taken this quiz